منهج التربية النبوية للطفل مع نماذج تطبيقية من حياة السلف الصالح و أقوال العلماء العاملين / (رقم التسجيلة. 22771)

تفاصيل مارك
000 -LEADER
fixed length control field 00656nam a22001817a 4500
005 - DATE AND TIME OF LATEST TRANSACTION
control field 20251108165230.0
008 - FIXED-LENGTH DATA ELEMENTS--GENERAL INFORMATION
fixed length control field 250721s2001 xx 000 0 ara d
082 14 - DEWEY DECIMAL CLASSIFICATION NUMBER
Classification number م/216.532/سوي
100 1# - MAIN ENTRY--PERSONAL NAME
Personal name سويد، محمد نور بن عبد الحفيظ
245 10 - TITLE STATEMENT
Title منهج التربية النبوية للطفل مع نماذج تطبيقية من حياة السلف الصالح و أقوال العلماء العاملين /
250 ## - EDITION STATEMENT
Edition statement ط2
264 1# - PRODUCTION, PUBLICATION, DISTRIBUTION, MANUFACTURE, AND COPYRIGHT NOTICE
Place of production, publication, distribution, manufacture دمشق :
Name of producer, publisher, distributor, manufacturer دار ابن كثير،
Date of production, publication, distribution, manufacture, or copyright notice 2001.
300 ## - PHYSICAL DESCRIPTION
Extent ج2
650 17 - SUBJECT ADDED ENTRY--TOPICAL TERM
Topical term or geographic name as entry element السيره النبويه
650 17 - SUBJECT ADDED ENTRY--TOPICAL TERM
Topical term or geographic name as entry element تربيه الابناا
942 ## - ADDED ENTRY ELEMENTS (KOHA)
Source of classification or shelving scheme Dewey Decimal Classification
Koha item type مراجع
المقتنيات
حالة السحب حالة الفقدان مصدر التصنيف حالة التلف غير قابل للإعارة المكتبة الرئيسية المكتبة الحالية موقع الرف تاريخ التزويد الرقم المتسلسل Total Checkouts رقم الإستدعاء الباركود تاريخ آخر ظهور تاريخ الفاتورة نوع المادة (كوها)
    Dewey Decimal Classification   Not For Loan مكتبة ومركز فرح مكتبة ومركز فرح مراجع 28/07/2025 1287164   م/216.532/سوي PLD00086543 28/07/2025 28/07/2025 مراجع
    Dewey Decimal Classification   Not For Loan مكتبة ومركز فرح مكتبة ومركز فرح مراجع 05/05/2009 1287165   م/216.532/سوي PLD00086553 28/07/2025 05/05/2009 مراجع
Implemented & Customized by: BBB with SCIT (Smart Chains for Information Technology)

Powered by Koha